El reaseguro / (Registro nro. 59020)

Detalles MARC
000 -LEADER
campo de control de longitud fija 00713nam a2200205 i 4500
001 - NÚMERO DE CONTROL
campo de control 59020
003 - IDENTIFICADOR DE NÚMERO DE CONTROL
campo de control ES-MaACL
005 - FECHA Y HORA DE LA ÚLTIMA TRANSACCIÓN
campo de control 20250809063313.0
007 - CAMPO FIJO DE DESCRIPCIÓN FÍSICA--INFORMACIÓN GENERAL
campo de control de longitud fija t|
008 - DATOS DE LONGITUD FIJA--INFORMACIÓN GENERAL
campo de control de longitud fija 031027s1941 sp ||||1| spa d
100 1# - ENTRADA PRINCIPAL--NOMBRE DE PERSONA
Nombre de persona Ehzenberg, Víctor.
9 (RLIN) 46797
245 13 - MENCIÓN DEL TÍTULO
Título El reaseguro /
Mención de responsabilidad, etc. Víctor Ehzenberg ; traducción, nota preliminar y prólogo por José María Navas Müller.
260 ## - PUBLICACIÓN, DISTRIBUCIÓN, ETC.
Lugar de publicación, distribución, etc. Madrid :
Nombre del editor, distribuidor, etc. Revista de Derecho Privado,
Fecha de publicación, distribución, etc. [1941] (
Fabricante Galo Sèz)
300 ## - DESCRIPCIÓN FÍSICA
Extensión 222 p. ;
Dimensiones 23 cm.
490 1# - MENCIÓN DE SERIE
Mención de serie Revista de Derecho Privado. Serie B ;
Designación de volumen o secuencia 20
700 1# - ENTRADA AGREGADA--NOMBRE PERSONAL
Nombre de persona Navas, José María.
9 (RLIN) 85201
830 00 - PUNTO DE ACCESO ADICIONAL DE SERIE-TÍTULO UNIFORME
Título uniforme Revista de derecho privado
Designación de volumen o secuencia 20
9 (RLIN) 232247
852 ## - LOCALIZACIÓN
Ubicación ES-MaACL
Número de control de estantería C-3902
Sublocalización o colección R.23605
Existencias
Estatus retirado Estado de pérdida Estado de daño No para préstamo Biblioteca de origen Biblioteca actual Ubicación en estantería Fecha de adquisición Fuente de adquisición Total de préstamos Signatura topográfica completa Código de barras Visto por última vez Precio de reemplazo Tipo de ítem Koha
        Biblioteca del Ateneo de Madrid Biblioteca del Ateneo de Madrid Sala Palomar 17/01/2008     C-3902 1061911 23/02/2023 23/02/2023 Libro impreso